000 00586nam a2200193Ia 4500
005 20250507130211.0
008 008 250505s9999 xx 000 0 eng d
037 _aSeries Article
040 _aEASL
_beng
_cEASL
041 _aeng
_2eng
084 _qEASL
100 _aZhuojun Wang
_9668781
245 0 _aKnowledge community,value base and system consciousness:a reflection on innovation in philosophy ans social sciences
260 _aChina
_bBeijing Routledge China
_c2012
300 _a157-170
650 _aChina
942 _cSRA
999 _c1318283
_d1318283